01256naa a22003017a 4500001001000000003000900010005001700019007000300036008003400039040005400073041000900127072001300136090001800149100001900167100001600186100001900202245010500221500014300326773013300469650001900602650002600621650002200647490009100669942001500760909004000775999001900815952012000834BR9502069BR-BrBNA20250721155528.0ta250630b bl.|||m| |||| 00| 0 por d aBR-BrBNAbporcBiblioteca Nacional de Agricultura a(Pt) aC20; F08 aC20 BR95020691 aFerreira, T.N.1 aDeponti, G.1 aMallmann, A.J.1 aEvolucao, estagio e caracterizacao da extensao rural em sistemas agroflorestais no Rio Grande do Sul aAnais do 1. Seminario sobre sistemas agroflorestais na regiao sul do Brasil Colombo, PR (Brasil): 1994. p. 89-97 [4 ref.] (BR9502069-AMS) 0 tAnais do 1. Seminario sobre sistemas agroflorestais na regiao sul do BrasilwC20 BR9502069gColombo, PR (Brasil), 1994. p. 89-97 aExtensao Rural aSistema Agroflorestal aRio Grande do Sul aDocumentos - Centro Nacional de Pesquisa de Florestas (Brazil)vno. 26xISSN 0101-7691 cAMS2AGRIS a202506bLúciac55dLúcia Elande c337026d337026 002AGRIS40708AGROBASEa41918b41918l0r2025-06-30t01yAMS10d2025-06-30ePortaria Interministerial nº 164/94